000
00220 a2200097 4500
001
27943
100
_a
Marif, M
245
_a
Iqbal's Philosophy of religion
260
_a
_b
Islamic book service
_c
090
_c
18651
_d
18651
942
_a
NUST-CAE
_c
M
_c
9615
999
_c
263016
_d
263016